Analýza prostredia vo vybranom podniku bakalárska práca
Enregistré dans:
| Auteur principal: | |
|---|---|
| Collectivité auteur: | |
| Autres auteurs: | |
| Format: | Livre |
| Langue: | slovaque |
| Publié: |
Bratislava
2018
|
| Tags: |
Pas de tags, Soyez le premier à ajouter un tag!
|
MARC
| LEADER | 00000nbm a2200000 4500 | ||
|---|---|---|---|
| 001 | 0244828 | ||
| 005 | 20180918144956.1 | ||
| 041 | 0 | |a slo | |
| 044 | |a SK | ||
| 245 | 1 | 0 | |a Analýza prostredia vo vybranom podniku |b bakalárska práca |c Simona Štefančíková ; školiteľ: Branislav Zagoršek |
| 264 | 1 | |a Bratislava |c 2018 | |
| 300 | |a 63 s. | ||
| 100 | 1 | |a Štefančíková, Simona | |
| 700 | 1 | |a Zagoršek, Branislav, 1984- | |
| 710 | 2 | |a Fakulta podnikového manažmentu EU. Katedra manažmentu | |